[Event "European Rapid 2022"]
[Site "Katowice POL"]
[Date "2022.12.18"]
[Round "9.94"]
[White "Bochnicka, Vladimir ml."]
[Black "Paprocki, Jaroslaw"]
[Result "0-1"]
[WhiteTitle "FM"]
[WhiteElo "2367"]
[BlackElo "2158"]
[WhiteFideId "14943450"]
[BlackFideId "1122274"]
[EventDate "2022.12.17"]

1. e4 e5 2. Nf3 Nc6 3. Bc4 Bc5 4. c3 Nf6 5. d3 d6 6. Nbd2 a6 7. Bb3 O-O 8. Nf1
d5 9. exd5 Nxd5 10. Ng3 Re8 11. O-O Bf8 12. Ng5 Be6 13. Nxe6 fxe6 14. Ne4 h6 15.
Qg4 Kh8 16. Re1 Nf6 17. Qh3 Nxe4 18. Rxe4 Qf6 19. Be3 Rad8 20. Bc2 Ne7 21. d4
Qg6 22. Rc1 exd4 23. Rxe6 Qxe6 24. Qxe6 dxe3 25. fxe3 Nd5 26. Qg6 Nf6 27. Rf1
Re7 28. e4 Rdd7 29. h3 Re5 30. Rf5 Bc5+ 31. Kh1 Rde7 32. Bb3 Nd7 33. Rf7 Rg5 34.
Rxe7 Rxg6 35. Rxd7 Rd6 36. Rf7 Rf6 37. Rd7 Rf1+ 38. Kh2 Bd6+ 39. g3 Rf2+ 40. Kg1
Bxg3 41. Rd3 Bh4 42. e5 Rxb2 43. e6 Re2 44. Rd7 g6 45. Rxc7 b5 46. Rc6 a5 47. a4
bxa4 48. Bxa4 Kg7 49. Bb3 Be7 50. Ra6 Rb2 51. Bd5 Bc5+ 52. Kf1 Rd2 53. c4 Ra2
54. Rc6 Be7 55. Rc8 Rc2 56. Ra8 Ra2 57. Ke1 a4 58. c5 Ra1+ 59. Ke2 Bxc5 60. Re8
Ra3 61. Kd2 Kf6 62. h4 Rh3 63. Rc8 Bb4+ 64. Kc2 Rxh4 65. Ra8 a3 66. Kb3 Be7 67.
Rc8 h5 68. Rc1 Rf4 69. Bc4 Rf3+ 70. Ka2 g5 71. Rh1 h4 72. Rb1 h3 73. Rb8 Rf2+
74. Kb1 h2 75. Rh8 Rb2+ 76. Kc1 Rg2 77. Bd5 a2 0-1

[Event "European Rapid 2022"]
[Site "Katowice POL"]
[Date "2022.12.18"]
[Round "9.95"]
[White "Vedrickas, Tautvydas"]
[Black "Grzesik, Gracjan"]
[Result "0-1"]
[WhiteTitle "FM"]
[WhiteElo "2358"]
[BlackElo "2148"]
[WhiteFideId "12802654"]
[BlackFideId "1194593"]
[EventDate "2022.12.17"]

1. d4 Nf6 2. c4 e6 3. Nf3 c5 4. Nc3 cxd4 5. Nxd4 Bb4 6. Qc2 O-O 7. a3 Bxc3+ 8.
Qxc3 d5 9. e3 b6 10. Be2 Bb7 11. O-O Nbd7 12. cxd5 Nxd5 13. Qd2 Rc8 14. Nb5 Nc5
15. Qd1 a6 16. Nd4 Qf6 17. b4 Nc3 18. Qe1 Nxe2+ 19. Qxe2 Na4 20. Bd2 Qg6 21. f4
Nc3 22. Bxc3 Rxc3 23. Rf2 Qe4 24. Rf3 Rfc8 25. h3 h6 26. Rg3 Rd3 27. Re1 Rxa3
28. Qg4 g6 29. Qh4 Ra2 30. Nf3 Rcc2 31. Qd8+ Kg7 32. Qd1 Rcb2 33. h4 h5 34. Kh2
Bd5 35. Rf1 Qxb4 36. f5 Bxf3 37. f6+ Kh7 38. Qxf3 Qxh4+ 39. Kg1 Qc4 40. Rd1 Rd2
41. Rxd2 Rxd2 42. Qb7 Rd1+ 43. Kh2 Qh4+ 44. Rh3 Qxf6 45. Rf3 Qh4+ 46. Rh3 Qf6
47. Rf3 Qh4+ 48. Rh3 Qf6 49. Rf3 Qh4+ 50. Rh3 Qf6 51. Rf3 Qe5+ 52. g3 Qb2+ 0-1

[Event "European Rapid 2022"]
[Site "Katowice POL"]
[Date "2022.12.18"]
[Round "9.96"]
[White "Kacprzak, Karol"]
[Black "Sanz Losada, Victoriano"]
[Result "1-0"]
[BlackTitle "CM"]
[WhiteElo "2226"]
[BlackElo "2110"]
[WhiteFideId "21819327"]
[BlackFideId "2202808"]
[EventDate "2022.12.17"]

1. e4 c5 2. Nf3 d6 3. d4 cxd4 4. Nxd4 Nf6 5. Nc3 Nc6 6. f3 e6 7. Be3 Be7 8. Qd2
O-O 9. O-O-O a6 10. g4 Qc7 11. g5 Nd7 12. f4 Nxd4 13. Bxd4 Nc5 14. Bg2 b5 15. f5
b4 16. Ne2 b3 17. Kb1 bxa2+ 18. Ka1 exf5 19. exf5 Bxf5 20. Bxa8 Rxa8 21. Ng3 Be6
22. Qc3 Bf8 23. b4 Bd5 24. bxc5 Bxh1 25. Rxh1 dxc5 26. Be5 Qc6 27. Rd1 Re8 28.
h4 Qg6 29. Rd2 Qe6 30. Re2 Qd5 31. Re1 a5 32. Nh5 c4 33. Nf4 Qb5 34. Qb2 Bb4 35.
Bc3 Rxe1+ 36. Bxe1 c3 37. Qxa2 Qf1 38. Nd3 h6 39. g6 Kf8 40. gxf7 Be7 41. Qe6
Qg1 42. Nf4 1-0

[Event "European Rapid 2022"]
[Site "Katowice POL"]
[Date "2022.12.18"]
[Round "9.97"]
[White "Marn, Jan"]
[Black "Jonsson, Gauti Pall"]
[Result "1-0"]
[WhiteTitle "FM"]
[WhiteElo "2332"]
[BlackElo "2045"]
[WhiteFideId "14619245"]
[BlackFideId "2309092"]
[EventDate "2022.12.17"]

1. d4 Nf6 2. Nf3 g6 3. Nbd2 Bg7 4. e4 d6 5. Bb5+ c6 6. Bd3 O-O 7. O-O a6 8. a4
a5 9. c3 Na6 10. h3 Re8 11. Qe2 Nh5 12. Nc4 Be6 13. Ng5 Bxc4 14. Bxc4 e6 15. e5
Bh6 16. Nxf7 Kxf7 17. Bxh6 d5 18. Bd3 Qh4 19. Qg4 Qxg4 20. hxg4 Ng7 21. f4 Kg8
22. Rf3 Re7 23. Bg5 Rf7 24. Bf6 Nc7 25. Kf2 Nce8 26. g5 Nh5 27. g4 Nhxf6 28.
gxf6 Nxf6 29. exf6 Rxf6 30. f5 exf5 31. gxf5 Raf8 32. Re1 R8f7 33. Re5 g5 34.
Rfe3 h5 35. Kg3 Kg7 36. Re7 Rxe7 37. Rxe7+ Rf7 38. Rxf7+ Kxf7 39. Be2 Kf6 40.
Bxh5 Kxf5 41. Kf3 b6 42. Bg4+ Kf6 43. Bd7 c5 44. Kg4 Ke7 45. Bc6 Kd6 46. Bb5
cxd4 47. cxd4 1-0

[Event "European Rapid 2022"]
[Site "Katowice POL"]
[Date "2022.12.18"]
[Round "9.98"]
[White "Castiglione, Mario"]
[Black "Warchol, Kamil"]
[Result "1/2-1/2"]
[BlackTitle "FM"]
[WhiteElo "2247"]
[BlackElo "2164"]
[WhiteFideId "14901641"]
[BlackFideId "21858241"]
[EventDate "2022.12.17"]

1. b3 d5 2. Bb2 Nf6 3. Bxf6 gxf6 4. e3 c5 5. Nf3 Nc6 6. Bb5 Rg8 7. O-O Qc7 8.
Nc3 Be6 9. e4 dxe4 10. Nxe4 a6 11. Bc4 Bxc4 12. bxc4 Nd8 13. Re1 Ne6 14. Nc3 Qd6
15. Nd5 Nf4 16. Nxf4 Qxf4 17. d3 O-O-O 18. Qe2 e6 19. Qe4 Bd6 20. Rab1 Qxe4 21.
dxe4 Bc7 22. Rbd1 h6 23. h3 Ba5 24. Rf1 Bc7 25. Rd3 Rd7 26. Rfd1 Rgd8 27. g3 Rd6
28. Kf1 Rb6 29. Rxd8+ Bxd8 30. c3 Rb2 31. Rd2 Rb1+ 32. Ke2 Rc1 33. Kd3 Bc7 34.
Rc2 Rd1+ 35. Ke2 Rh1 36. h4 Ra1 37. Nd2 b6 38. Nb3 Rb1 39. Nd2 Ra1 40. Nf1 Kd7
41. Ne3 h5 42. Rd2+ Kc6 43. Nc2 Rc1 44. Kd3 b5 45. Ne3 Ra1 46. Ke2 Rc1 47. Kd3
Ra1 48. Nc2 Rc1 49. a3 Ba5 50. Re2 Rd1+ 51. Rd2 Rb1 52. cxb5+ axb5 53. Ne3 Rb3
54. Rc2 Rxa3 55. g4 Ra1 56. gxh5 Rh1 57. Ng2 Rh3+ 58. Kd2 Bc7 59. h6 f5 60. f4
fxe4 61. h7 Bxf4+ 62. Nxf4 Rxh4 63. Ke3 Rxh7 64. Kxe4 Rg7 65. Ra2 Kb6 66. Ra8
Rg3 67. Ne2 Rg4+ 68. Kd3 f5 69. Rb8+ Kc6 70. Rc8+ Kd6 71. Ra8 b4 72. c4 Rh4 73.
Ra6+ Kd7 74. Rb6 Rh3+ 75. Kd2 Rh4 76. Kd3 Rh3+ 77. Kc2 Rh2 78. Kd2 Rh4 79. Nc1
Rxc4 80. Nd3 Ke7 81. Rc6 b3 82. Rb6 Rd4 83. Kc3 Rd5 84. Nf4 Rd6 85. Ng6+ Kd7 86.
Rb7+ Kc6 87. Rxb3 Kd5 88. Rb5 Kc6 89. Rb8 Kd5 90. Rc8 Ra6 91. Ne7+ Kd6 92. Ng6
Kd5 93. Rd8+ Ke4 94. Rf8 Kd5 95. Nf4+ Ke4 96. Nh5 e5 97. Ng3+ Kd5 98. Nxf5 Ra3+
99. Kd2 Ra2+ 100. Ke3 Ra3+ 101. Kf2 Ra2+ 102. Kf3 Ra3+ 103. Ne3+ Ke6 104. Re8+
Kd6 105. Ke4 Ra4+ 106. Kd3 Ra3+ 107. Kd2 Ra2+ 108. Kd3 Ra3+ 109. Ke2 Ra4 110.
Nf5+ Kd5 111. Rd8+ Kc4 112. Ke3 Kc3 113. Nd6 c4 114. Ne4+ Kc2 115. Rd2+ Kc1 116.
Ke2 Ra3 117. Rd1+ Kc2 118. Nf2 c3 119. Nd3 e4 120. Rc1+ Kb3 121. Rb1+ Ka2 122.
Rc1 1/2-1/2

[Event "European Rapid 2022"]
[Site "Katowice POL"]
[Date "2022.12.18"]
[Round "9.99"]
[White "Kopaczewski, Adam"]
[Black "Cherniaiev, Tykhon"]
[Result "1-0"]
[BlackTitle "FM"]
[WhiteElo "2096"]
[BlackElo "2330"]
[WhiteFideId "1187309"]
[BlackFideId "14182360"]
[EventDate "2022.12.17"]

1. e4 e5 2. d4 exd4 3. Qxd4 Nc6 4. Qe3 Nf6 5. Bd2 d6 6. Nc3 g6 7. O-O-O Bg7 8.
Bc4 O-O 9. h4 Be6 10. Bxe6 fxe6 11. Qh3 e5 12. g4 Qd7 13. f3 Nd4 14. Nge2 Nxe2+
15. Nxe2 h5 16. Qg2 hxg4 17. Rdg1 d5 18. exd5 Qxd5 19. fxg4 Qxa2 20. Nc3 Qa1+
21. Nb1 e4 22. Bc3 Rae8 23. h5 Nd5 24. Bxg7 Nf4 25. Qh2 Kxg7 26. hxg6 Ne6 27.
Qh6+ Kf6 28. g7+ Ke7 29. gxf8=Q+ Rxf8 30. Qh7+ Rf7 31. Qxe4 Qa5 32. Re1 Rf6 33.
Rhf1 Rh6 34. Qf5 Qb6 35. Qf8+ Kd7 36. Qxh6 Qc6 37. Qxe6+ Qxe6 38. Rxe6 Kxe6 39.
g5 Ke7 40. g6 Ke6 41. g7 Ke7 42. g8=Q Kd7 43. Qf7+ Kd6 44. Rd1+ Kc6 45. Qe6+ Kb5
46. Nc3+ Ka5 47. Qd5+ Kb6 48. Qb5# 1-0

[Event "European Rapid 2022"]
[Site "Katowice POL"]
[Date "2022.12.18"]
[Round "9.100"]
[White "Mirski, Michal"]
[Black "Sotsky, Alexander"]
[Result "0-1"]
[BlackTitle "IM"]
[WhiteElo "1917"]
[BlackElo "2333"]
[WhiteFideId "1157159"]
[BlackFideId "4130715"]
[EventDate "2022.12.17"]

1. e4 e6 2. Nf3 d5 3. Nc3 dxe4 4. Nxe4 Bd7 5. d4 Bc6 6. Bd3 Bxe4 7. Bxe4 c6 8.
O-O Nf6 9. Bd3 Bd6 10. Bg5 Nbd7 11. Qe2 Qc7 12. Rfe1 O-O 13. Ne5 Rfe8 14. Rad1
a5 15. c4 c5 16. Nxd7 Nxd7 17. Qe4 f5 18. Qh4 cxd4 19. Bc2 Bc5 20. a3 Nf8 21.
Ba4 Rec8 22. Bf4 Qf7 23. Qg3 Ng6 24. h4 Rd8 25. Bg5 Bd6 26. Qf3 Be7 27. Qxb7
Rab8 28. Qa6 Bxg5 29. hxg5 e5 30. Qxa5 Ra8 31. Qb5 Rdb8 32. Qd7 Rxb2 33. Bc6
Qxd7 34. Bxd7 Rxa3 35. Be6+ Kf8 36. Bxf5 Ra5 37. Rc1 Rc5 38. Ra1 Nf4 39. g3 Ne2+
40. Kg2 g6 41. Ra8+ Ke7 42. Ra7+ Kd6 43. Bg4 Nc3 44. Rea1 Ne4 45. R1a6+ Rc6 46.
Rd7+ Kc5 47. Rd5+ Kxc4 48. Rxc6+ Kxd5 49. Rc7 Rxf2+ 50. Kg1 Rf8 51. Rd7+ Kc4 52.
Rxh7 d3 53. Rd7 Nxg5 54. Rd6 e4 55. Rxg6 Nf3+ 56. Kg2 d2 57. Rd6 Ne1+ 58. Kg1 e3
59. Be2+ Kc5 60. Rd7 Nf3+ 61. Kh1 Nd4 62. Bg4 Rf1+ 63. Kg2 d1=Q 64. Bxd1 Rxd1
65. Re7 e2 0-1

[Event "European Rapid 2022"]
[Site "Katowice POL"]
[Date "2022.12.18"]
[Round "10.1"]
[White "Santos Latasa, Jaime"]
[Black "Fridman, Daniel"]
[Result "1/2-1/2"]
[WhiteTitle "GM"]
[BlackTitle "GM"]
[WhiteElo "2668"]
[BlackElo "2602"]
[WhiteFideId "2293307"]
[BlackFideId "11600454"]
[EventDate "2022.12.17"]

1. e4 e6 2. d4 d5 3. e5 c5 4. c3 Qb6 5. Nf3 Bd7 6. Be2 cxd4 7. cxd4 Bb5 8. Bxb5+
Qxb5 9. a3 Nc6 10. Nc3 Qa6 11. Ne2 Be7 12. O-O Bd8 13. Ng3 h5 14. h4 Qb6 15. Qd3
Nge7 16. Ne2 Nf5 17. g3 Na5 18. b4 Nc4 19. Bf4 Be7 1/2-1/2

[Event "European Rapid 2022"]
[Site "Katowice POL"]
[Date "2022.12.18"]
[Round "10.2"]
[White "Navara, David"]
[Black "Azarov, Sergei"]
[Result "1-0"]
[WhiteTitle "GM"]
[BlackTitle "GM"]
[WhiteElo "2684"]
[BlackElo "2562"]
[WhiteFideId "309095"]
[BlackFideId "13501470"]
[EventDate "2022.12.17"]

1. e4 e5 2. Nf3 Nc6 3. Bb5 a6 4. Ba4 Nf6 5. O-O Be7 6. Re1 b5 7. Bb3 d6 8. c3
O-O 9. h3 Bb7 10. d4 Re8 11. Nbd2 Bf8 12. a3 h6 13. d5 Nb8 14. Nh2 Nbd7 15. Qf3
Qc8 16. Ndf1 c6 17. dxc6 Qxc6 18. Ng4 d5 19. Ng3 Rad8 20. Nf5 Re6 21. Qg3 Kh8
22. Qh4 Rde8 23. Ngxh6 gxh6 24. Bxh6 Nh7 25. exd5 Qb6 26. dxe6 fxe6 27. Ne3 Ndf6
28. Bc2 e4 29. Bxf8 Rxf8 30. Rad1 Qc5 31. Ng4 Nxg4 32. hxg4 1-0

[Event "European Rapid 2022"]
[Site "Katowice POL"]
[Date "2022.12.18"]
[Round "10.3"]
[White "Adams, Michael"]
[Black "Samunenkov, Ihor"]
[Result "0-1"]
[WhiteTitle "GM"]
[BlackTitle "IM"]
[WhiteElo "2688"]
[BlackElo "2488"]
[WhiteFideId "400041"]
[BlackFideId "14187086"]
[EventDate "2022.12.17"]

1. e4 c6 2. d4 d5 3. e5 Bf5 4. h4 h5 5. Bd3 Bxd3 6. Qxd3 Qa5+ 7. Nd2 e6 8. Nf3
Nh6 9. c3 Qa6 10. Qxa6 Nxa6 11. b4 Nf5 12. Nb3 b6 13. a4 Be7 14. Ke2 Kd7 15. g3
Rhc8 16. Bd2 Rcb8 17. Ra2 Rc8 18. Rha1 Nc7 19. a5 Rcb8 20. Ne1 Kc8 21. Nd3 Kb7
22. Nf4 g6 23. Nh3 Na6 24. Bg5 Re8 25. Bxe7 Rxe7 26. Ng5 b5 27. Rh1 Rh8 28. Rd2
Kc7 29. Nc1 Kd7 30. Nd3 Ke8 31. Nf4 Kf8 32. Kf1 Re8 33. Kg2 Rh6 34. Re2 Ke7 35.
Rh3 Reh8 36. Re1 Ke8 37. Rd1 Ke7 38. Rd3 Ke8 39. Rf3 Ke7 40. Nd3 Ke8 41. Rf4 Ke7
42. Kf1 Rg8 43. Ke2 Rgh8 44. Rf3 Ke8 45. Nf4 Ke7 46. Rd3 Ke8 47. Rd1 Ke7 48.
Rdh1 Ke8 49. Nf3 Ke7 50. Ne1 Ke8 51. Ned3 Ke7 52. f3 Ke8 53. g4 Ng7 54. gxh5
Nxh5 55. Nxh5 Rxh5 56. Nf4 R5h6 57. h5 gxh5 58. Rxh5 Rxh5 59. Rxh5 Rg8 60. Rh7
Nb8 61. Nxe6 fxe6 62. Rxa7 Kd8 63. Kf2 Rh8 64. Kg3 Rg8+ 65. Kf2 Rh8 66. a6 Rh2+
67. Ke3 Ra2 68. Ra8 Kc7 69. a7 Nd7 70. Re8 Rxa7 71. Rxe6 Ra3 72. Kd3 Nb6 73. f4
Nc4 74. Ke2 Rxc3 75. f5 Kd7 76. Rh6 Re3+ 77. Kf2 Re4 78. Rh7+ Ke8 79. Rh8+ Kf7
80. e6+ Kg7 81. Rc8 Nd6 82. Rxc6 Nxf5 83. Rc5 Nxd4 84. Rxd5 Kf6 85. Rd6 Nxe6 86.
Rb6 Rxb4 87. Ke3 Ke5 88. Kd3 Rb3+ 0-1

[Event "European Rapid 2022"]
[Site "Katowice POL"]
[Date "2022.12.18"]
[Round "10.4"]
[White "Pultinevicius, Paulius"]
[Black "Alexakis, Dimitris"]
[Result "1-0"]
[WhiteTitle "GM"]
[BlackTitle "IM"]
[WhiteElo "2561"]
[BlackElo "2486"]
[WhiteFideId "12809390"]
[BlackFideId "4277023"]
[EventDate "2022.12.17"]

1. d4 Nf6 2. Bf4 d5 3. e3 c5 4. c3 Nc6 5. Nd2 Bf5 6. Qb3 Na5 7. Qa4+ Bd7 8. Qc2
cxd4 9. exd4 Nh5 10. Be3 g6 11. Ngf3 Bg7 12. Be2 O-O 13. O-O Qc7 14. Rfe1 Nf4
15. Bf1 Bf5 16. Bxf4 Qxf4 17. Bd3 Nc6 18. Bxf5 Qxf5 19. Qb3 Qd7 20. a4 e6 21. a5
Qc7 22. Qa4 b6 23. axb6 axb6 24. Qxa8 Rxa8 25. Rxa8+ Bf8 26. Raa1 Bd6 27. g3 Kg7
28. Kg2 h6 29. Rac1 Qa7 30. Ra1 Qc7 31. Kg1 g5 32. Re2 Na5 33. Kg2 Qc6 34. Nf1
Qb5 35. Ng1 Nc4 36. Rb1 Qb3 37. Ne3 Na5 38. Nf3 Qa2 39. Rbe1 Qa4 40. h4 Be7 41.
Nf5+ Kf8 42. Nxe7 Kxe7 43. hxg5 hxg5 44. Nxg5 Nc4 45. Nh3 Qb5 46. Nf4 Kd7 47.
Rh1 Nd6 48. f3 Kc6 49. g4 Qb3 50. Kf2 b5 51. Nd3 Kb6 52. Ra1 Qc4 53. Nc5 Kc7 54.
Rc2 b4 55. Na6+ Kd7 56. Nxb4 Nb5 57. Rd1 Ke8 58. Re2 Kf8 59. Nd3 Qb3 60. Ra1 Kg7
61. Ne5 f6 62. Nd7 e5 63. dxe5 fxe5 64. Nxe5 d4 65. cxd4 Nxd4 66. Rd2 Qb6 67.
Kg2 Nb3 68. Rd7+ Kf6 69. Re1 Nd4 70. Rf7+ Kg5 71. f4+ 1-0

[Event "European Rapid 2022"]
[Site "Katowice POL"]
[Date "2022.12.18"]
[Round "10.5"]
[White "Saraci, Nderim"]
[Black "Saric, Ante"]
[Result "1/2-1/2"]
[WhiteTitle "IM"]
[BlackTitle "GM"]
[WhiteElo "2468"]
[BlackElo "2504"]
[WhiteFideId "6351921"]
[BlackFideId "14506254"]
[EventDate "2022.12.17"]

1. d4 Nf6 2. Nf3 d5 3. Bf4 c5 4. e3 Nc6 5. Nbd2 Bg4 6. c3 e6 7. Qb3 Qc8 8. Ne5
Nxe5 9. Bxe5 Nd7 10. Bb5 c4 11. Qc2 a6 12. Bxd7+ Qxd7 13. f3 Bf5 14. e4 Bg6 15.
b3 f6 16. Bg3 cxb3 17. Qxb3 Rc8 18. O-O Rc6 19. a4 b6 20. Rfd1 Be7 21. c4 Bf7
22. a5 dxe4 23. Nxe4 bxa5 24. c5 O-O 25. Nd6 1/2-1/2

[Event "European Rapid 2022"]
[Site "Katowice POL"]
[Date "2022.12.18"]
[Round "10.6"]
[White "Paehtz, Elisabeth"]
[Black "Yuffa, Daniil"]
[Result "0-1"]
[WhiteTitle "GM"]
[BlackTitle "GM"]
[WhiteElo "2464"]
[BlackElo "2587"]
[WhiteFideId "4641833"]
[BlackFideId "24131423"]
[EventDate "2022.12.17"]

1. d4 Nf6 2. Nf3 g6 3. Bg5 Bg7 4. Nbd2 O-O 5. c3 d6 6. e3 Nc6 7. Bb5 Bd7 8. O-O
Qe8 9. Bc4 h6 10. Bh4 e5 11. dxe5 Nxe5 12. Nxe5 Qxe5 13. a4 a6 14. a5 Bb5 15.
Bg3 Qc5 16. Qb3 d5 17. Bxb5 axb5 18. Be5 c6 19. Qc2 Qe7 20. Bd4 c5 21. Bxf6 Qxf6
22. Qd3 Qc6 23. Rfd1 Rfd8 24. Nf3 c4 25. Qc2 Qc7 26. e4 Rxa5 27. Rxa5 Qxa5 28.
exd5 b4 29. cxb4 Qxb4 30. h4 b5 31. Rd2 Qc5 32. h5 g5 33. Qf5 Qd6 34. Re2 Qxd5
35. Re8+ Bf8 36. Re5 Qd1+ 37. Re1 Qd7 38. Qe5 Bg7 39. Qc5 Rc8 40. Qb4 c3 41. Re7
Qd1+ 42. Re1 c2 43. Qg4 Qxe1+ 0-1

[Event "European Rapid 2022"]
[Site "Katowice POL"]
[Date "2022.12.18"]
[Round "10.7"]
[White "Stefansson, Hannes"]
[Black "Drozdowski, Kacper"]
[Result "1/2-1/2"]
[WhiteTitle "GM"]
[BlackTitle "IM"]
[WhiteElo "2526"]
[BlackElo "2448"]
[WhiteFideId "2300087"]
[BlackFideId "1136720"]
[EventDate "2022.12.17"]

1. e4 c5 2. Nf3 e6 3. d4 cxd4 4. Nxd4 a6 5. c4 Nf6 6. Nc3 Qc7 7. a3 b6 8. Be3
Bb7 9. f3 d6 10. Qd2 Nbd7 11. Be2 Be7 12. O-O Rc8 13. Rfc1 Qb8 14. b4 Bd8 15.
Kh1 O-O 16. Nb3 Bc7 17. Bg1 Rfe8 18. Rc2 Rcd8 19. Qc1 d5 20. cxd5 exd5 21. Nxd5
Nxd5 22. exd5 Bf4 23. Qb2 Nf6 24. Nd4 Nxd5 25. Nf5 Be5 26. Bd4 Bxd4 27. Qxd4 Qe5
28. Qxe5 Rxe5 29. Ng3 Nf4 30. Bf1 a5 31. Rc7 Bd5 32. bxa5 bxa5 33. Rc5 a4 34.
Ra5 Ra8 35. Rxa8+ Bxa8 36. Rc1 Re8 37. Bb5 Rb8 38. Bxa4 h5 39. h4 Bd5 40. Bc2
Rb2 41. a4 1/2-1/2

[Event "European Rapid 2022"]
[Site "Katowice POL"]
[Date "2022.12.18"]
[Round "10.8"]
[White "Gretarsson, Helgi Ass"]
[Black "Gavrilescu, David"]
[Result "0-1"]
[WhiteTitle "GM"]
[BlackTitle "IM"]
[WhiteElo "2451"]
[BlackElo "2522"]
[WhiteFideId "2300699"]
[BlackFideId "1227190"]
[EventDate "2022.12.17"]

1. c4 e6 2. Nf3 d5 3. e3 Nf6 4. b3 c5 5. Bb2 Nc6 6. cxd5 exd5 7. Bb5 Bd6 8. O-O
O-O 9. Bxc6 bxc6 10. d3 Ba6 11. Qc2 Rb8 12. Nbd2 Re8 13. Rfe1 Nd7 14. Rad1 Re6
15. Nf1 Qc7 16. e4 Rbe8 17. h3 h6 18. Bc3 Bf8 19. Ng3 Qd8 20. Nf5 g6 21. Ng3 Qb8
22. Qd2 Kh7 23. h4 Bd6 24. Nf1 Bc8 25. Bb2 Qc7 26. Qc2 a5 27. Ne3 d4 28. Nc4 Bf4
29. g3 Rf6 30. Nh2 Ne5 31. gxf4 Rxf4 32. Bc1 Rxh4 33. f4 Ng4 34. Nf3 Rh5 35. Qg2
Qd8 36. Qg3 Nf6 37. Nfe5 Rh3 38. Qf2 Nh5 39. Re2 Rg3+ 40. Kf1 Qh4 41. Ke1 f6 42.
Nxc6 Bg4 43. Kd2 Qh3 44. Kc2 Bxe2 0-1

[Event "European Rapid 2022"]
[Site "Katowice POL"]
[Date "2022.12.18"]
[Round "10.9"]
[White "Cramling, Pia"]
[Black "Grandelius, Nils"]
[Result "0-1"]
[WhiteTitle "GM"]
[BlackTitle "GM"]
[WhiteElo "2463"]
[BlackElo "2660"]
[WhiteFideId "1700030"]
[BlackFideId "1710400"]
[EventDate "2022.12.17"]

1. d4 Nf6 2. c4 g6 3. Nc3 d5 4. Bf4 Bg7 5. e3 c5 6. dxc5 Qa5 7. Rc1 dxc4 8. Bxc4
O-O 9. Ne2 Nc6 10. O-O Qxc5 11. Nb5 Be6 12. Bxe6 Qxb5 13. Bb3 Rfd8 14. Nc3 Qa5
15. Qe2 Nh5 16. Bg3 Nxg3 17. hxg3 e6 18. Ne4 Qe5 19. Nc3 Na5 20. Bc2 Rac8 21.
Rfd1 Rxd1+ 22. Bxd1 b5 23. a3 a6 24. f4 Qb8 25. Na2 Rxc1 26. Nxc1 Nc4 27. Nd3
Qb6 28. Kf2 Nxe3 29. Kf3 Nf5 30. Kg4 Qg1 0-1

[Event "European Rapid 2022"]
[Site "Katowice POL"]
[Date "2022.12.18"]
[Round "10.10"]
[White "Costachi, Mihnea"]
[Black "Svane, Rasmus"]
[Result "1/2-1/2"]
[WhiteTitle "IM"]
[BlackTitle "GM"]
[WhiteElo "2476"]
[BlackElo "2622"]
[WhiteFideId "1217518"]
[BlackFideId "4657101"]
[EventDate "2022.12.17"]

1. d4 Nf6 2. Nf3 d5 3. c4 e6 4. Nc3 h6 5. Bf4 Bd6 6. Bxd6 Qxd6 7. e3 O-O 8. Qc2
Qe7 9. cxd5 exd5 10. Bd3 Be6 11. O-O Nbd7 12. Rfe1 c6 13. Rad1 Rfd8 14. Nd2 Nb6
15. f3 Rac8 16. Nb3 Nbd7 17. Qf2 Qb4 18. Bc2 c5 19. a3 Qc4 20. dxc5 Nxc5 21. Rd4
Qa6 22. Nxc5 Rxc5 23. Red1 Re8 24. Bd3 Qc6 25. Qd2 Qc8 26. Bb1 b5 27. Qd3 a6 28.
Ne2 Rc4 29. b3 Rxd4 30. Qxd4 Bf5 31. Rc1 Qd7 32. Bxf5 Qxf5 33. Nf4 Rc8 34. Rd1
Rc2 35. Nxd5 Nxd5 36. Qxd5 Qg6 37. f4 Ra2 38. a4 bxa4 39. bxa4 Rxa4 40. Qb3 Re4
41. Rd8+ Kh7 42. Rd7 Qe6 43. Qxe6 Rxe6 44. Kf2 f5 1/2-1/2

[Event "European Rapid 2022"]
[Site "Katowice POL"]
[Date "2022.12.18"]
[Round "10.11"]
[White "Lagarde, Maxime"]
[Black "Klekowski, Maciej"]
[Result "1-0"]
[WhiteTitle "GM"]
[BlackTitle "GM"]
[WhiteElo "2584"]
[BlackElo "2477"]
[WhiteFideId "662399"]
[BlackFideId "1132717"]
[EventDate "2022.12.17"]

1. e4 c5 2. Nc3 Nc6 3. Bb5 Nd4 4. Nf3 e6 5. O-O a6 6. Bd3 Nc6 7. Nd5 g5 8. Nxg5
Bh6 9. f4 Bxg5 10. fxg5 exd5 11. exd5 Ne5 12. d6 Qxg5 13. Bf5 Qh4 14. c3 Kf8 15.
d4 cxd4 16. g3 Qf6 17. Qxd4 Ng6 18. Bh6+ Ke8 19. Rae1+ 1-0

[Event "European Rapid 2022"]
[Site "Katowice POL"]
[Date "2022.12.18"]
[Round "10.12"]
[White "Akesson, Ralf"]
[Black "Hovhannisyan, Robert"]
[Result "1/2-1/2"]
[WhiteTitle "GM"]
[BlackTitle "GM"]
[WhiteElo "2404"]
[BlackElo "2597"]
[WhiteFideId "1700120"]
[BlackFideId "13302507"]
[EventDate "2022.12.17"]

1. Nf3 d5 2. d4 Bf5 3. c4 e6 4. Nc3 Nf6 5. Qb3 Nc6 6. Bg5 Na5 7. Qa4+ c6 8. cxd5
exd5 9. e3 Be7 10. Be2 b5 11. Qd1 Nc4 12. Qc1 O-O 13. O-O Rc8 14. Bxf6 Bxf6 15.
b3 Nd6 16. Qd1 Re8 17. Rc1 a5 18. Ne1 Qe7 19. Bg4 Qe6 20. Bxf5 Qxf5 21. Qf3 Qxf3
22. gxf3 c5 23. Nxd5 cxd4 24. Nxf6+ gxf6 25. Nc2 dxe3 26. Nxe3 f5 27. Rxc8 Rxc8
28. Rd1 Rc6 29. f4 a4 30. bxa4 bxa4 31. Rd4 Ra6 32. Rd5 Rb6 33. Rd4 Ra6 34. Rd5
Rb6 35. Rd4 a3 36. Ra4 Rb1+ 37. Kg2 Nb5 38. Nxf5 h5 39. Ra5 Rb2 40. Kg3 Kh7 41.
Ne3 Kg7 42. Nc4 Rb4 43. Nxa3 Nc3 44. Kf3 Nxa2 45. Nc2 Rb3+ 46. Ne3 Nc3 47. Rxh5
Nb5 48. Rg5+ Kf8 49. Rd5 Nc7 50. Rd7 Ne6 51. f5 Ng5+ 52. Kf4 Nh3+ 53. Kg3 Ng5
54. h4 Ne4+ 55. Kf4 Nxf2 56. f6 Ke8 57. Ra7 Nh3+ 58. Kf3 Ng1+ 59. Ke4 Rb6 60.
Nd5 Rb1 61. Ke5 Nf3+ 62. Kd6 Rb8 63. h5 Rd8+ 64. Kc5 Ng5 65. Re7+ Kf8 66. h6 Kg8
67. Re1 Kh7 68. Rh1 Ne4+ 69. Kc4 Rd6 70. Rh4 Ng3 71. Rg4 Nf5 72. Rg5 Nxh6 73.
Kc5 Re6 74. Kd4 Re1 75. Rg7+ Kh8 76. Rg5 Rh1 77. Kc5 Re1 78. Kd6 Re6+ 1/2-1/2